Kde sa vzala pravdepodobnosť a štatistika

Salvato in:
Dettagli Bibliografici
Autore principale: Belan, Anino
Natura: Libro
Lingua:slovacco
Pubblicazione: Košice EQUILIBRIA 2022
Edizione:1. vydanie
Soggetti:
Tags: Aggiungi Tag
Nessun Tag, puoi essere il primo ad aggiungerne!!

MARC

LEADER 00000nam a2200000 4500
001 0292272
005 20240416114207.2
020 |a 978-80-8143-298-9 
041 0 |a slo 
044 |a SK 
245 1 0 |a Kde sa vzala pravdepodobnosť a štatistika  |c Anino Belan 
250 |a 1. vydanie 
264 1 |a Košice  |b EQUILIBRIA  |c 2022 
300 |a 446 s. 
610 2 0 |a pravdepodobnosť 
610 2 0 |a teória pravdepodobnosti 
610 2 0 |a štatistika 
610 2 0 |a hypotézy štatistické 
610 2 0 |a jazyky programovacie 
610 2 0 |a matematika 
610 2 0 |a história 
100 1 |a Belan, Anino